[Event "Rated Blitz tournament T9n0ithQ"]
[Site "?"]
[Date "2021.03.12"]
[Round "?"]
[White "etecsa"]
[Black "Killerrhino"]
[Result "1/2-1/2"]
[WhiteElo "2442"]
[BlackElo "2386"]
[PlyCount "142"]
[EventDate "2021.??.??"]
[EventType "blitz"]

1. e4 e5 2. Nf3 d5 3. d3 dxe4 4. dxe4 Qxd1+ 5. Kxd1 Nf6 6. Bd3 Ng4 7. Nc3 Nxf2+
8. Ke2 Nxh1 9. Be3 Nc6 10. Nd5 Bd6 11. Rxh1 Be6 12. c3 O-O-O 13. b4 h6 14. a4
Ne7 15. Bc4 Rhe8 16. Bxa7 Nxd5 17. exd5 Bg4 18. h3 Bh5 19. g4 Bg6 20. a5 Be7
21. a6 e4 22. Nd4 Bf6 23. Ra1 b6 24. Bb5 Bxd4 25. cxd4 f5 26. Bc6 f4 27. d6
Rxd6 28. Bxe8 Bxe8 29. Bxb6 Bb5+ 30. Ke1 Bxa6 31. Bc5 Rg6 32. d5 Bc4 33. Ra8+
Kb7 34. Rf8 f3 35. Kf2 Bxd5 36. b5 Bc4 37. Re8 Bd3 38. Re7 Rg5 39. Bd6 Rxb5 40.
Bxc7 Rb2+ 41. Kg3 Rg2+ 42. Kh4 f2 43. Bg3+ Kc6 44. Bxf2 Rxf2 45. Rxg7 e3 46.
Re7 e2 47. Kh5 Rh2 48. h4 Rh1 49. Kxh6 Rxh4+ 50. Kg5 Rh1 51. Kf4 e1=Q 52. Rxe1
Rxe1 53. g5 Bg6 54. Kg4 Re6 55. Kf4 Kd5 56. Kg4 Ke5 57. Kg3 Kf5 58. Kh4 Re4+
59. Kg3 Kxg5 60. Kf3 Kf5 61. Kg3 Re3+ 62. Kf2 Kf4 63. Kg2 Ke4 64. Kf2 Rf3+ 65.
Ke2 Rd3 66. Kf2 Bh5 67. Kg2 Kf4 68. Kf2 Rd2+ 69. Ke1 Ke3 70. Kf1 Rf2+ 71. Kg1
Bf3 {Normal} 1/2-1/2

[Event "Rated Blitz game"]
[Site "?"]
[Date "2021.03.12"]
[Round "?"]
[White "mohammedarrami"]
[Black "KamranShirazi"]
[Result "1-0"]
[WhiteElo "2576"]
[BlackElo "2556"]
[PlyCount "103"]
[EventDate "2021.??.??"]
[EventType "blitz"]

1. e4 e5 2. Nf3 d5 3. exd5 e4 4. Qe2 f5 5. d3 Nf6 6. Nc3 Bb4 7. dxe4 Bxc3+ 8.
bxc3 fxe4 9. Qb5+ c6 10. dxc6 Nxc6 11. Ne5 O-O 12. Bc4+ Kh8 13. Nf7+ Rxf7 14.
Bxf7 Ng4 15. h3 Nxf2 16. Kxf2 Qf6+ 17. Kg3 Qxf7 18. Rf1 Qc7+ 19. Bf4 Qe7 20.
Kh2 Be6 21. Rae1 Bxa2 22. Qa4 Bd5 23. Qb5 Rd8 24. Rd1 a6 25. Qe2 Qe6 26. Rfe1
Re8 27. Bg3 h6 28. Qg4 Qxg4 29. hxg4 Bc4 30. Rd7 b5 31. Rd6 Nd8 32. Rxa6 Nf7
33. Bf4 g5 34. Be3 Kg8 35. Bd4 b4 36. Rg6+ Kf8 37. Bg7+ Ke7 38. Rxe4+ Kd7 39.
Rxc4 Re2 40. cxb4 Nd6 41. Rd4 Ke7 42. Rgxd6 Rxc2 43. Bxh6 Rb2 44. Bxg5+ Kf7 45.
Rf6+ Kg7 46. Rd7+ Kg8 47. Ra6 Rf2 48. Ra8+ Rf8 49. Raa7 Rf6 50. Rg7+ Kh8 51.
Rh7+ Kg8 52. Bxf6 {Normal} 1-0

[Event "Rated Blitz tournament ZebDlf8A"]
[Site "?"]
[Date "2021.03.12"]
[Round "?"]
[White "arbacle01"]
[Black "Jenlen3001"]
[Result "1-0"]
[WhiteElo "2328"]
[BlackElo "2490"]
[PlyCount "77"]
[EventDate "2021.??.??"]
[EventType "blitz"]

1. e4 e5 2. Nf3 d5 3. d3 Nc6 4. exd5 Qxd5 5. Nc3 Bb4 6. Bd2 Bxc3 7. Bxc3 Nf6 8.
Qe2 O-O 9. O-O-O Qxa2 10. Nxe5 Re8 11. f4 Bg4 12. Qf2 Bxd1 13. Kxd1 Nd5 14. Kd2
Nxc3 15. bxc3 Nxe5 16. fxe5 Rxe5 17. Be2 Rae8 18. Bf3 Rb5 19. Re1 Rf8 20. Qh4
Rb2 21. Rc1 c6 22. g4 Re8 23. Be4 g6 24. g5 Qa5 25. Rf1 Qe5 26. Rf2 Rb5 27. Rg2
Rf8 28. Qg4 f5 29. gxf6 Qxf6 30. c4 Rb1 31. h4 a5 32. h5 Qf4+ 33. Qxf4 Rxf4 34.
hxg6 h5 35. Rg5 Rh4 36. g7 Rg4 37. Bh7+ Kxh7 38. g8=Q+ Kh6 39. Qg7# {Normal}
1-0

[Event "Rated Blitz game"]
[Site "?"]
[Date "2021.03.12"]
[Round "?"]
[White "Adolfo_Gaich"]
[Black "Blind2250"]
[Result "0-1"]
[WhiteElo "2403"]
[BlackElo "2418"]
[PlyCount "86"]
[EventDate "2021.??.??"]
[EventType "blitz"]

1. e4 e5 2. Nf3 d5 3. Nxe5 Bd6 4. d4 dxe4 5. Nc4 Nf6 6. Nc3 O-O 7. Bg5 Re8 8.
Be2 Nc6 9. O-O Nxd4 10. h3 h6 11. Bxf6 Qxf6 12. Nd5 Nxe2+ 13. Qxe2 Qg6 14. Nxd6
Qxd6 15. Rad1 Qe5 16. c3 c6 17. Ne3 Be6 18. a3 Rad8 19. Rd2 Bb3 20. Re1 f5 21.
g3 Qf6 22. Ng2 Rxd2 23. Qxd2 Rd8 24. Qe3 b6 25. Nf4 g5 26. Ne2 Rd3 27. Qc1 c5
28. c4 Qe6 29. Nc3 Bxc4 30. Re3 Qd6 31. Kg2 b5 32. Re1 b4 33. axb4 cxb4 34. Ne2
Bd5 35. Kg1 Kf7 36. Qc8 Kg6 37. Qe8+ Bf7 38. Qb5 e3 39. f3 Rd2 40. Kg2 h5 41.
g4 hxg4 42. hxg4 fxg4 43. Qb7 gxf3+ {Normal} 0-1

[Event "Rated Blitz game"]
[Site "?"]
[Date "2021.03.12"]
[Round "?"]
[White "luchok123"]
[Black "Dzon_Vejn"]
[Result "1-0"]
[WhiteElo "2366"]
[BlackElo "2418"]
[PlyCount "43"]
[EventDate "2021.??.??"]
[EventType "blitz"]

1. e4 e5 2. Nf3 d5 3. d4 dxe4 4. Nxe5 Bd6 5. Nc4 Be7 6. Nc3 Nf6 7. Bf4 O-O 8.
Ne3 c6 9. Bc4 b5 10. Bb3 a5 11. a4 b4 12. Ne2 Ba6 13. O-O Nbd7 14. Re1 Nb6 15.
Nf5 Nbd5 16. Bg5 Re8 17. Nxe7+ Rxe7 18. Ng3 h6 19. Bxd5 cxd5 20. Bxf6 gxf6 21.
Nf5 Kh7 22. Qg4 {Normal} 1-0

[Event "Rated Blitz tournament 3218TgcA"]
[Site "?"]
[Date "2021.03.12"]
[Round "?"]
[White "nrm18"]
[Black "Chesspirate_Channel"]
[Result "0-1"]
[WhiteElo "2447"]
[BlackElo "2427"]
[PlyCount "44"]
[EventDate "2021.??.??"]
[EventType "blitz"]

1. e4 e5 2. Nf3 d5 3. Nxe5 Bd6 4. d4 dxe4 5. Nc4 Nf6 6. Ne3 O-O 7. Be2 Re8 8.
O-O Nc6 9. c3 h6 10. f3 Qe7 11. fxe4 Nxe4 12. Bf3 Bf5 13. Re1 Bg6 14. Nd2 Bxh2+
15. Kxh2 Qh4+ 16. Kg1 Qf2+ 17. Kh2 Qg3+ 18. Kg1 Nf2 19. Qe2 Nh3+ 20. Kf1 Bd3
21. gxh3 Rxe3 22. Qxd3 Rxe1# {Normal} 0-1

[Event "Rated Blitz game"]
[Site "?"]
[Date "2021.03.12"]
[Round "?"]
[White "johanbooij"]
[Black "Dzon_Vejn"]
[Result "1-0"]
[WhiteElo "2416"]
[BlackElo "2405"]
[PlyCount "125"]
[EventDate "2021.??.??"]
[EventType "blitz"]

1. e4 e5 2. Nf3 d5 3. d4 dxe4 4. Nxe5 Bd6 5. Bf4 Nf6 6. Bc4 O-O 7. O-O Nc6 8.
Nxc6 bxc6 9. Bg5 h6 10. Bh4 Rb8 11. Bb3 c5 12. dxc5 Bxc5 13. Qxd8 Rxd8 14. Bxf6
gxf6 15. Nc3 f5 16. Rad1 Be6 17. Rxd8+ Rxd8 18. Rd1 Rxd1+ 19. Nxd1 Bxb3 20.
axb3 Bd4 21. c3 Bc5 22. b4 Bb6 23. Kf1 Kg7 24. Ke2 Kf6 25. Ne3 Ke6 26. Nc4 Kd5
27. b3 h5 28. g3 c6 29. Ne3+ Ke5 30. Ng2 c5 31. b5 c4 32. bxc4 Kd6 33. Nf4 Kc5
34. Nxh5 Kxc4 35. Ng7 f4 36. gxf4 Kxb5 37. h4 a5 38. h5 a4 39. h6 a3 40. h7 a2
41. h8=Q a1=Q 42. Qe8+ Kc5 43. Qxe4 Qxc3 44. Qe3+ Qxe3+ 45. fxe3 Kd6 46. Kf3
Ke7 47. e4 Kf6 48. Nh5+ Kg6 49. Kg4 f6 50. f5+ Kf7 51. Nf4 Bc7 52. Nd5 Be5 53.
Ne3 Bb8 54. Nc4 Bc7 55. Kf3 Bb8 56. Ke3 Bc7 57. Kd4 Bb8 58. Kd5 Bc7 59. Kc6 Bg3
60. Kd7 Bh2 61. Nd6+ Kf8 62. Ke6 Kg7 63. Ne8+ {Time forfeit} 1-0

[Event "Rated Blitz game"]
[Site "?"]
[Date "2021.03.12"]
[Round "?"]
[White "Starazagora"]
[Black "annaly1979"]
[Result "1-0"]
[WhiteElo "2424"]
[BlackElo "2397"]
[PlyCount "125"]
[EventDate "2021.??.??"]
[EventType "blitz"]

1. e4 e5 2. Nf3 d5 3. Nxe5 Qe7 4. Nf3 dxe4 5. Ng1 f5 6. Qe2 Nf6 7. d3 Nc6 8. c3
Bd7 9. d4 O-O-O 10. f3 Qf7 11. Bg5 Re8 12. f4 Nd5 13. Nh3 h6 14. Bh4 e3 15. g3
Be7 16. Bxe7 Rxe7 17. Bg2 Nf6 18. O-O Ng4 19. Na3 Rhe8 20. Rae1 Qf6 21. Nc4 g5
22. Ne5 Nd8 23. Nxd7 Rxd7 24. Qf3 Nxh2 25. Qh5 e2 26. Qxe8 exf1=Q+ 27. Bxf1
Nf3+ 28. Kf2 Nxe1 29. Qxe1 g4 30. Ng1 Re7 31. Qb1 h5 32. Bd3 h4 33. Ne2 hxg3+
34. Nxg3 Qh4 35. Qg1 Ne6 36. Bxf5 Kb8 37. Bxe6 Rxe6 38. Qh1 Qd8 39. Qh5 Qc8 40.
Qxg4 a6 41. f5 Rb6 42. b4 Rc6 43. Qf3 Qh8 44. Kg2 a5 45. a3 axb4 46. axb4 Qh4
47. b5 Rh6 48. Kg1 Qh2+ 49. Kf1 Rh3 50. Qg2 Qxg3 51. Qxg3 Rxg3 52. Kf2 Rg5 53.
Ke3 Rxf5 54. c4 b6 55. Kd3 Kc8 56. Ke4 Rh5 57. Kd3 Kd7 58. Kc3 Kd6 59. Kb4 Rh4
60. Kc3 Rh3+ 61. Kb4 Rd3 62. d5 Rd4 63. Kb3 {Time forfeit} 1-0

[Event "Rated Blitz game"]
[Site "?"]
[Date "2021.03.12"]
[Round "?"]
[White "Jenlen3001"]
[Black "KamranShirazi"]
[Result "1-0"]
[WhiteElo "2465"]
[BlackElo "2536"]
[PlyCount "88"]
[EventDate "2021.??.??"]
[EventType "blitz"]

1. e4 e5 2. Nf3 d5 3. Nxe5 Bd6 4. Qh5 Qe7 5. d4 dxe4 6. Bc4 Be6 7. Bxe6 Qxe6 8.
Nc3 Nf6 9. Qg5 h6 10. Qxg7 Rg8 11. Qxh6 Rxg2 12. Bf4 Nc6 13. Nxc6 Bf8 14. Qh4
Rg4 15. Qh8 Rxf4 16. Ne5 O-O-O 17. O-O-O Rxf2 18. Qh4 e3 19. Rhe1 Nd5 20. Nxd5
Qxd5 21. Rxe3 Rg2 22. Qh3+ Kb8 23. c4 Qa5 24. Qxg2 Bh6 25. Rdd3 Qxa2 26. Kc2
Bxe3 27. Rb3 Qa6 28. Nc6+ Ka8 29. Nxd8 Qxc4+ 30. Rc3 Qa4+ 31. b3 Qa2+ 32. Kd3
Qxg2 33. Rxc7 Qd2+ 34. Ke4 Qxd4+ 35. Kf3 a5 36. Nxb7 Qf4+ 37. Ke2 Qxc7 38. Kxe3
Qxb7 39. h4 Qxb3+ 40. Kf4 Qe6 41. h5 Qf6+ 42. Kg4 Qh6 43. Kf5 Qxh5+ 44. Kf6
Qg6+ {Normal} 1-0

[Event "Rated Blitz game"]
[Site "?"]
[Date "2021.03.12"]
[Round "?"]
[White "Esthyna"]
[Black "pasha1984"]
[Result "1-0"]
[WhiteElo "2534"]
[BlackElo "2415"]
[PlyCount "131"]
[EventDate "2021.??.??"]
[EventType "blitz"]

1. e4 e5 2. Nf3 d5 3. Nxe5 dxe4 4. d4 Bd6 5. Nc3 Bxe5 6. dxe5 Qxd1+ 7. Nxd1 Nc6
8. Nc3 Bf5 9. Bf4 Nge7 10. Bb5 O-O-O 11. Bg3 Nd4 12. Ba4 h5 13. h4 c5 14. O-O
a6 15. Bb3 b5 16. Bxf7 Nxc2 17. Rac1 Nd4 18. e6 b4 19. Na4 Ne2+ 20. Kh2 Nxc1
21. Rxc1 Kb7 22. Nxc5+ Ka7 23. Re1 Rd4 24. Nb3 Rd5 25. Re3 g6 26. Bf4 Rc8 27.
Re1 Rc2 28. Be3+ Kb7 29. Bd4 a5 30. Bf6 Rc7 31. Nc1 Rdc5 32. Ne2 R5c6 33. Nd4
Rc4 34. Nb5 Nd5 35. Nd6+ Kc6 36. Nxc4 Nxf6 37. Nxa5+ Kb5 38. Nb3 Rc6 39. Nd4+
Kc5 40. Nxc6 Kxc6 41. Rc1+ Kd6 42. Rd1+ Ke7 43. Rc1 Bxe6 44. Bxe6 Kxe6 45. Rc4
Kd5 46. Rc8 Ng4+ 47. Kg3 e3 48. Rd8+ Ke6 49. fxe3 Nxe3 50. Re8+ Kd5 51. Rxe3
Kd4 52. Rb3 Kc4 53. Kf4 Kb5 54. Kg5 Kc4 55. Kxg6 Kd4 56. Kxh5 Kc4 57. Kg4 Kb5
58. h5 Kc4 59. h6 Kb5 60. h7 Kc4 61. h8=Q Kb5 62. Qe5+ Kc4 63. Qe4+ Kb5 64.
Qd5+ Kb6 65. Rxb4+ Ka6 66. Qb5+ {Normal} 1-0

[Event "Rated Blitz game"]
[Site "?"]
[Date "2021.03.12"]
[Round "?"]
[White "sorriemerria"]
[Black "Dzon_Vejn"]
[Result "0-1"]
[WhiteElo "2375"]
[BlackElo "2419"]
[PlyCount "82"]
[EventDate "2021.??.??"]
[EventType "blitz"]

1. e4 e5 2. Nf3 d5 3. d4 dxe4 4. Nxe5 Bd6 5. Bf4 Nd7 6. Nxf7 Kxf7 7. Qh5+ Kf8
8. Bc4 Qe8 9. Bxd6+ cxd6 10. Qd5 Qe7 11. O-O Nb6 12. Qb5 Nxc4 13. Qxc4 Nf6 14.
Nc3 Bf5 15. f3 Rc8 16. Qb5 Qd7 17. Qe2 e3 18. Qxe3 Re8 19. Qd2 Kf7 20. Rfe1 d5
21. Re5 Bg6 22. Rae1 h6 23. Qe2 Rhf8 24. Qd2 Kg8 25. Ne2 Rxe5 26. dxe5 Ne8 27.
Nf4 Bf5 28. c3 Nc7 29. Rd1 Re8 30. g4 Bh7 31. b3 Rxe5 32. a4 Qf7 33. Qd4 Re7
34. Kf2 Re8 35. Kg3 Rf8 36. Qe3 Re8 37. Qd4 a6 38. Qb6 Ne6 39. Nxd5 Ng5 40. Qe3
Rxe3 41. Nxe3 Qxf3+ {Normal} 0-1

[Event "Rated Blitz game"]
[Site "?"]
[Date "2021.03.12"]
[Round "?"]
[White "skipper-pingui3"]
[Black "chepukaitis1966"]
[Result "1-0"]
[WhiteElo "2401"]
[BlackElo "2259"]
[PlyCount "113"]
[EventDate "2021.??.??"]
[EventType "blitz"]

1. e4 e5 2. Nf3 d5 3. Nxe5 Bd6 4. Nxf7 Kxf7 5. Qh5+ g6 6. Qxd5+ Be6 7. Qd4 Qf6
8. Qxf6+ Kxf6 9. Nc3 Nc6 10. Be2 Nd4 11. Bd1 b5 12. a3 a5 13. d3 Kg7 14. f4 Ne7
15. O-O b4 16. axb4 axb4 17. Rxa8 Rxa8 18. Ne2 Nxe2+ 19. Bxe2 Bc5+ 20. Kh1 Ra1
21. c3 bxc3 22. bxc3 Bb6 23. f5 gxf5 24. Bh6+ Kxh6 25. Rxa1 fxe4 26. dxe4 Ng6
27. Bf3 Ne5 28. Ra8 Kg5 29. Re8 Kf6 30. Rh8 Kg7 31. Ra8 h6 32. h4 Kf6 33. Kh2
Be3 34. Kg3 Nc4 35. Ra6 Ke5 36. Be2 Nd6 37. Bd3 Bb6 38. Ra8 Nxe4+ 39. Bxe4 Kxe4
40. Rh8 Be3 41. Re8 Ke5 42. Kf3 Bb6 43. g4 Kd6 44. Rh8 Bd5+ 45. Kf4 Ba5 46.
Rxh6+ Kc5 47. g5 Bxc3 48. Kf5 Kd4 49. Ra6 c5 50. h5 Be4+ 51. Ke6 Kd3 52. Rd6+
Bd4 53. g6 c4 54. Kf7 c3 55. g7 Bh7 56. g8=Q Bxg8+ 57. Kxg8 {Time forfeit} 1-0

[Event "Rated Blitz game"]
[Site "?"]
[Date "2021.03.12"]
[Round "?"]
[White "DynamoTresen"]
[Black "Gifroy"]
[Result "1-0"]
[WhiteElo "2494"]
[BlackElo "2463"]
[PlyCount "97"]
[EventDate "2021.??.??"]
[EventType "blitz"]

1. e4 e5 2. Nf3 d5 3. exd5 e4 4. Qe2 Nf6 5. d3 Qxd5 6. Nbd2 Bf5 7. dxe4 Bxe4 8.
Ng5 Qxg5 9. Nxe4 Qe5 10. Nxf6+ gxf6 11. Bf4 Qxe2+ 12. Bxe2 Bd6 13. Bxd6 cxd6
14. O-O-O Kd7 15. Bg4+ Kc7 16. Rhe1 Nc6 17. Rd3 Rae8 18. Rxe8 Rxe8 19. Kd2 Ne5
20. Rc3+ Kb6 21. Be2 Ng6 22. g3 Re5 23. f4 Rd5+ 24. Bd3 h5 25. h4 Ne7 26. Ke3
Rc5 27. Rxc5 Kxc5 28. Be2 Nf5+ 29. Kf2 Ng7 30. g4 hxg4 31. Bxg4 f5 32. Bf3 Ne6
33. Ke3 b6 34. h5 Nf8 35. h6 Ng6 36. Bh5 Nh8 37. Kd3 Kd5 38. a4 a6 39. b3 Ke6
40. Kd4 Kf6 41. Kd5 Ng6 42. Bxg6 fxg6 43. Kxd6 Kf7 44. Ke5 Kg8 45. Kf6 Kh7 46.
Kg5 b5 47. axb5 axb5 48. c4 bxc4 49. bxc4 {Normal} 1-0

[Event "Rated Blitz game"]
[Site "?"]
[Date "2021.03.12"]
[Round "?"]
[White "CubaE8"]
[Black "Chesspirate_Channel"]
[Result "0-1"]
[WhiteElo "2402"]
[BlackElo "2401"]
[PlyCount "54"]
[EventDate "2021.??.??"]
[EventType "blitz"]

1. e4 e5 2. Nf3 d5 3. Nxe5 Bd6 4. d4 dxe4 5. Nc3 Bxe5 6. dxe5 Qxd1+ 7. Kxd1 Bf5
8. Nd5 Na6 9. Bxa6 O-O-O 10. Bc4 c6 11. Bg5 f6 12. exf6 gxf6 13. Bf4 cxd5 14.
Bb3 Ne7 15. Ke2 Ng6 16. Bg3 d4 17. Rad1 d3+ 18. cxd3 exd3+ 19. Kf1 Rhe8 20. h4
Re2 21. h5 Ne5 22. Rh4 Ng4 23. Kg1 Rxb2 24. Ba4 Rxa2 25. Rc1+ Rc2 26. Bxc2 dxc2
27. Bf4 Rd1+ {Normal} 0-1

[Event "Rated Blitz tournament ZebDlf8A"]
[Site "?"]
[Date "2021.03.12"]
[Round "?"]
[White "djano"]
[Black "dr_xStranger"]
[Result "1-0"]
[WhiteElo "2441"]
[BlackElo "2534"]
[PlyCount "61"]
[EventDate "2021.??.??"]
[EventType "blitz"]

1. e4 e5 2. Nf3 d5 3. exd5 e4 4. Ne5 Qxd5 5. Nc4 Nf6 6. Ne3 Qg5 7. h4 Qe5 8.
Nc3 Bd6 9. b3 O-O 10. Bb2 Qe7 11. Qe2 Be6 12. g4 Nc6 13. Bg2 Nd4 14. Qd1 Qd7
15. g5 Ng4 16. Nxe4 Be5 17. Bc3 Nxe3 18. dxe3 Rfe8 19. Bxd4 Bg4 20. Qd3 Bxd4
21. Qxd4 Qe7 22. f3 Bf5 23. O-O-O Rad8 24. Qc3 Qa3+ 25. Qb2 Qe7 26. Rxd8 Rxd8
27. Rd1 Rxd1+ 28. Kxd1 Qd7+ 29. Qd4 Qe7 30. f4 Bg4+ 31. Kd2 {Normal} 1-0

[Event "Rated Blitz game"]
[Site "?"]
[Date "2021.03.12"]
[Round "?"]
[White "DVRazor"]
[Black "Chesspirate_Channel"]
[Result "1-0"]
[WhiteElo "2458"]
[BlackElo "2390"]
[PlyCount "127"]
[EventDate "2021.??.??"]
[EventType "blitz"]

1. e4 e5 2. Nf3 d5 3. exd5 e4 4. Qe2 Nf6 5. d3 Be7 6. dxe4 O-O 7. Nc3 Re8 8.
Bd2 Bb4 9. O-O-O Bxc3 10. Bxc3 Nxe4 11. Re1 Bd7 12. Qc4 b5 13. Qd4 Nxc3 14.
Qxc3 Rxe1+ 15. Qxe1 Na6 16. Ne5 Be8 17. Qd2 Qf6 18. f4 Rd8 19. g3 c6 20. Bg2
cxd5 21. Bxd5 Nc7 22. Ng4 Qd6 23. Qa5 Nxd5 24. Rd1 Qb6 25. Qxb6 axb6 26. Ne3
Bc6 27. a4 Rd7 28. Nf5 g6 29. axb5 gxf5 30. bxc6 Rd6 31. c7 Rc6 32. Rxd5 Rxc7
33. Rxf5 Kg7 34. b4 Kg6 35. Rb5 f5 36. Rxb6+ Kh5 37. h3 h6 38. Rf6 Rc3 39.
Rxf5+ Kg6 40. g4 Rxh3 41. Kb2 Rg3 42. b5 Rxg4 43. Rf8 Kg7 44. Rc8 Rxf4 45. Kb3
Rf6 46. c4 h5 47. Ra8 h4 48. c5 h3 49. Ra2 Rf3+ 50. Kc4 Kf6 51. Kd5 Kg5 52. b6
Kg4 53. b7 Rf8 54. c6 Kg3 55. c7 Rf5+ 56. Ke6 h2 57. Rxh2 Rf3 58. Rb2 Re3+ 59.
Kf5 Rf3+ 60. Ke5 Rf4 61. b8=Q Rg4 62. c8=Q Rg5+ 63. Kf6+ Kh4 64. Rh2# {Normal}
1-0

[Event "Rated Blitz tournament ZebDlf8A"]
[Site "?"]
[Date "2021.03.12"]
[Round "?"]
[White "IZhuk"]
[Black "Jenlen3001"]
[Result "0-1"]
[WhiteElo "2215"]
[BlackElo "2466"]
[PlyCount "128"]
[EventDate "2021.??.??"]
[EventType "blitz"]

1. e4 e5 2. Nf3 d5 3. d3 Nc6 4. exd5 Qxd5 5. Nc3 Bb4 6. Bd2 Bxc3 7. Bxc3 f6 8.
Qd2 Bg4 9. Be2 O-O-O 10. h3 Bh5 11. O-O-O Qxa2 12. b3 Nge7 13. g4 Bf7 14. Bb2
Nd5 15. Nh4 Ndb4 16. Nf5 g6 17. Ne3 a5 18. Bf3 a4 19. Bxc6 Nxc6 20. Qc3 axb3
21. Kd2 bxc2 22. Ra1 Qe6 23. Qxc2 e4 24. d4 Nxd4 25. Ra8+ Kd7 26. Rxd8+ Rxd8
27. Bxd4 Ke8 28. Qc5 b6 29. Qb5+ Kf8 30. Nc2 e3+ 31. fxe3 c5 32. Rf1 cxd4 33.
Nxd4 Qa2+ 34. Ke1 Bc4 35. Qb4+ Kg8 36. Rxf6 Qa1+ 37. Kd2 Rxd4+ 38. exd4 Qxd4+
39. Kc1 Qxf6 40. Qxc4+ Kg7 41. Qc7+ Kh6 42. h4 Qxh4 43. Qxb6 Qxg4 44. Qb8 Qf5
45. Kd2 g5 46. Qd6+ Kh5 47. Qh2+ Kg6 48. Qd6+ Qf6 49. Qb8 Kg7 50. Ke2 h5 51.
Qb7+ Kh6 52. Qb8 h4 53. Qc8 Qe5+ 54. Kf2 Qf4+ 55. Kg2 Qg3+ 56. Kf1 Qe5 57. Kg2
Qf6 58. Kh1 g4 59. Qxg4 Qf1+ 60. Qg1 Qf6 61. Qg2 Kh5 62. Kh2 Qf5 63. Qe2+ Qg4
64. Qg2 Qf4+ {Time forfeit} 0-1

[Event "Rated Blitz tournament ZebDlf8A"]
[Site "?"]
[Date "2021.03.12"]
[Round "?"]
[White "ua_snail"]
[Black "dr_xStranger"]
[Result "0-1"]
[WhiteElo "2457"]
[BlackElo "2524"]
[PlyCount "128"]
[EventDate "2021.??.??"]
[EventType "blitz"]

1. e4 e5 2. Nf3 d5 3. d4 dxe4 4. Nxe5 Bd6 5. Nc3 Bxe5 6. dxe5 Qxd1+ 7. Nxd1 Nc6
8. Nc3 Bf5 9. Bf4 Nge7 10. Bb5 O-O 11. Bg3 Nd4 12. O-O-O c5 13. Rhe1 a6 14. Bc4
b5 15. Bd5 Nxd5 16. Nxd5 Bg4 17. Rd2 Be6 18. Nc7 Rac8 19. Nxe6 fxe6 20. Rxe4
Rc7 21. c3 Nf5 22. Kc2 c4 23. f4 a5 24. Bf2 Rc6 25. g4 Ne7 26. Rd6 Rxd6 27.
exd6 Nd5 28. Rxe6 Nxf4 29. Re7 Nd5 30. Re2 Nf4 31. Re4 Nd3 32. Bg3 Rf1 33. b3
Nc5 34. Re5 cxb3+ 35. axb3 Nd7 36. Rxb5 Ra1 37. Rb7 Nc5 38. Rc7 Ne6 39. Re7 Nf8
40. d7 Ra2+ 41. Kb1 Rd2 42. Re5 Nxd7 43. Rxa5 Nf6 44. Ra7 Nxg4 45. b4 h5 46. b5
Rd5 47. c4 Rd3 48. Kc2 Rd4 49. Kc3 Rd1 50. Kb4 Rc1 51. Kc5 Nf6 52. b6 Kh7 53.
b7 Nd7+ 54. Kd6 Nb6 55. c5 Nc4+ 56. Kc6 Rf1 57. Kc7 Rf7+ 58. Kc6 Rf6+ 59. Kb5
Rf1 60. Kxc4 Rb1 61. Kd5 Rxb7 62. Kc6 Rxa7 63. Kd5 Ra3 64. c6 Rd3+ {Time
forfeit} 0-1

[Event "Rated Blitz tournament ZebDlf8A"]
[Site "?"]
[Date "2021.03.12"]
[Round "?"]
[White "Lex6699"]
[Black "Jenlen3001"]
[Result "0-1"]
[WhiteElo "2341"]
[BlackElo "2488"]
[PlyCount "116"]
[EventDate "2021.??.??"]
[EventType "blitz"]

1. e4 e5 2. Nf3 d5 3. exd5 e4 4. Qe2 Nf6 5. Nc3 Be7 6. Nxe4 O-O 7. Nxf6+ Bxf6
8. d4 Re8 9. Be3 Qxd5 10. Qb5 Qd8 11. Bd3 Bd7 12. Qh5 g6 13. Qh6 Bg7 14. Qf4
Nc6 15. h4 Ne7 16. Bc4 Nf5 17. O-O-O Be6 18. Bxe6 Rxe6 19. Ng5 Ra6 20. g4 Nd6
21. Kb1 Qd7 22. Ne4 Qe6 23. Nc3 Nc4 24. Bc1 Rb6 25. b3 a5 26. d5 Qe5 27. Qxc4
Qxc3 28. Qxc3 Bxc3 29. Bf4 Rc8 30. Rd3 Bf6 31. a4 Rb4 32. c4 b5 33. axb5 a4 34.
Bd2 Rxb3+ 35. Rxb3 axb3 36. Rc1 b2 37. Rc2 Bxh4 38. Kxb2 Bxf2 39. c5 Rb8 40. b6
cxb6 41. c6 Bd4+ 42. Kb3 Bc5 43. Rxc5 bxc5+ 44. Kc4 Kf8 45. c7 Rc8 46. d6 Ke8
47. Kxc5 Kd7 48. Bg5 f5 49. gxf5 gxf5 50. Kd5 h5 51. Bf4 h4 52. Bh2 h3 53. Bf4
Re8 54. Bh2 Re1 55. Bg3 Re3 56. Bf4 Re4 57. Bh2 Re2 58. Kc5 Rxh2 {Normal} 0-1

[Event "Rated Blitz game"]
[Site "?"]
[Date "2021.03.12"]
[Round "?"]
[White "E_Sapar"]
[Black "KamranShirazi"]
[Result "0-1"]
[WhiteElo "2522"]
[BlackElo "2534"]
[PlyCount "114"]
[EventDate "2021.??.??"]
[EventType "blitz"]

1. e4 e5 2. Nf3 d5 3. exd5 e4 4. Qe2 Nf6 5. d3 Bb4+ 6. c3 O-O 7. dxe4 Bc5 8.
Bg5 h6 9. Bxf6 Qxf6 10. Nbd2 c6 11. Qc4 Nd7 12. Be2 cxd5 13. Qxd5 Qe7 14. O-O
Re8 15. Rfe1 Nf6 16. Qd3 Rd8 17. Nd4 Qd6 18. Nc4 Qc7 19. Rad1 Bg4 20. Bxg4 Nxg4
21. Qg3 Qxg3 22. hxg3 b5 23. Ne3 Nxe3 24. Rxe3 b4 25. Red3 bxc3 26. bxc3 Re8
27. f3 Rab8 28. Kf1 Rb6 29. g4 Ra6 30. Nb3 Be7 31. Rd7 Rxa2 32. Rc7 a5 33. Rdd7
Kf8 34. Nd4 a4 35. Nf5 Bf6 36. Rxf7+ Kg8 37. Nxg7 Rc8 38. Nf5 Rxc7 39. Rxc7 a3
40. f4 Ra1+ 41. Ke2 a2 42. Ra7 Bxc3 43. Nxh6+ Kf8 44. g5 Re1+ 45. Kf3 a1=Q 46.
Rxa1 Rxa1 47. f5 Bd4 48. f6 Be5 49. Ng4 Rf1+ 50. Ke2 Rf4 51. Nxe5 Rxe4+ 52. Kf3
Rxe5 53. Kf4 Rb5 54. g6 Rb6 55. Kg5 Rb5+ 56. Kf4 Rb4+ 57. Kf5 Rb3 {Time forfeit
} 0-1

[Event "Rated Blitz tournament ZebDlf8A"]
[Site "?"]
[Date "2021.03.12"]
[Round "?"]
[White "Tresna_BKD"]
[Black "dr_xStranger"]
[Result "0-1"]
[WhiteElo "2263"]
[BlackElo "2535"]
[PlyCount "108"]
[EventDate "2021.??.??"]
[EventType "blitz"]

1. e4 e5 2. Nf3 d5 3. d3 dxe4 4. dxe4 Qxd1+ 5. Kxd1 Nc6 6. Bd3 Bg4 7. h3 Bxf3+
8. gxf3 O-O-O 9. Be3 Nf6 10. Ke2 Nh5 11. Nc3 Bb4 12. Nd5 Bd6 13. c3 Rhf8 14.
Rhg1 g6 15. b4 Nf4+ 16. Bxf4 exf4 17. a4 Ne5 18. Rad1 Rde8 19. Nf6 Re6 20. Ng4
Nxg4 21. hxg4 Re7 22. Rh1 Rh8 23. Rh6 f6 24. Rdh1 Be5 25. c4 Rd7 26. c5 Rhd8
27. Rd1 c6 28. b5 Kc7 29. a5 cxb5 30. Rhh1 a6 31. Bc2 Rxd1 32. Rxd1 Rxd1 33.
Bxd1 Bd4 34. Bb3 g5 35. Bg8 h6 36. Kd3 Bxc5 37. e5 fxe5 38. Ke4 Bd6 39. Kf5 b4
40. Kg6 Bf8 41. Kf7 Bc5 42. Kg6 Bf8 43. Bb3 b6 44. axb6+ Kxb6 45. Kf7 Bd6 46.
Kg6 Be7 47. Kf7 Bd8 48. Kg6 a5 49. Kxh6 Kc5 50. Kg6 Kd4 51. Ba4 Kc3 52. Kf5 b3
53. Kxe5 b2 54. Bc2 Kxc2 {Time forfeit} 0-1

[Event "Rated Blitz tournament 9oGXbjJe"]
[Site "?"]
[Date "2021.03.12"]
[Round "?"]
[White "chessisboard"]
[Black "SalainenErik"]
[Result "1-0"]
[WhiteElo "2453"]
[BlackElo "2458"]
[PlyCount "127"]
[EventDate "2021.??.??"]
[EventType "blitz"]

1. e4 e5 2. Nf3 d5 3. exd5 Bd6 4. Nc3 Nf6 5. d4 e4 6. Ne5 O-O 7. Be2 Nbd7 8.
Nc4 Nb6 9. Ne3 Bb4 10. O-O Bxc3 11. bxc3 Nbxd5 12. Nxd5 Qxd5 13. c4 Qf5 14. Bb2
Rd8 15. Qc1 b6 16. Qe3 Bb7 17. d5 c6 18. f3 cxd5 19. Bxf6 Qxf6 20. fxe4 d4 21.
Rxf6 dxe3 22. Rf3 Bxe4 23. Rxe3 Bxc2 24. Rc1 Ba4 25. c5 Rac8 26. Rec3 Rxc5 27.
Rxc5 bxc5 28. Rxc5 g6 29. Ra5 Bd1 30. Bxd1 Rxd1+ 31. Kf2 Rd7 32. Ra6 Kg7 33.
Kf3 g5 34. h3 f6 35. h4 Kg6 36. hxg5 Kxg5 37. Kg3 h5 38. Ra5+ f5 39. Kf3 h4 40.
Ra6 Rc7 41. Ra5 Rc3+ 42. Kf2 Rc7 43. Ra6 f4 44. Kf3 Rc3+ 45. Kf2 Kg4 46. Rxa7
Rc2+ 47. Kg1 Rc1+ 48. Kh2 Rc2 49. Rg7+ Kf5 50. a4 Ra2 51. Rf7+ Kg5 52. Rg7+ Kf5
53. Rh7 Rxa4 54. Rxh4 Ra2 55. Rh8 Kg5 56. Rg8+ Kf5 57. Rf8+ Ke4 58. Kh3 Ra3+
59. Kh2 Rg3 60. Re8+ Kf5 61. Kg1 Kg4 62. Kf2 f3 63. Rg8+ Kf4 64. Rxg3 {Normal}
1-0

[Event "Rated Blitz game"]
[Site "?"]
[Date "2021.03.12"]
[Round "?"]
[White "DVRazor"]
[Black "Chesspirate_Channel"]
[Result "1-0"]
[WhiteElo "2456"]
[BlackElo "2393"]
[PlyCount "59"]
[EventDate "2021.??.??"]
[EventType "blitz"]

1. e4 e5 2. Nf3 d5 3. exd5 e4 4. Qe2 Nf6 5. d3 Be7 6. dxe4 O-O 7. Nc3 Re8 8.
Bg5 Nxd5 9. Bxe7 Nxe7 10. Rd1 Bd7 11. Ne5 Nec6 12. Nxd7 Nxd7 13. Qd2 Nce5 14.
Be2 c6 15. f4 Qb6 16. fxe5 Nxe5 17. Qd4 Qxb2 18. O-O c5 19. Qe3 Qxc2 20. Nd5
Ng6 21. Qf2 Qxe4 22. Qxf7+ Kh8 23. Bd3 Qd4+ 24. Kh1 Rf8 25. Bxg6 Rxf7 26. Bxf7
Qh4 27. Nc7 Rd8 28. Ne6 Rxd1 29. Rxd1 h5 30. Bg6 {Normal} 1-0